00536nam a2200181Ia 4500003000900000008004100009020001800050040001600068080001800084100001900102245008900121250001200210260004000222300001400262650002800276650002900304700002100333IN-BaIIA211028s9999 xx 000 0 eng d a0-7503-0498-7 cIIA Library a524.3-17bKIT aKitchin, C. R. 0aAstrophysical techniquescC. R. Kitchin  a3rd ed. aBristolbInstitute of Physicsc1998 axv, 474p. aastronomical techniques aastrophysical techniques aBurbidge, G., ed